000 00673 a2200217 4500
010 _aENG-85464
020 _a8121912482
_c500.00
035 _aEN-68997
035 _aB-212173
037 _bD.B.Act / PUB
037 _bRP-ZLS-2800 / PANSY-07-08:12 / RP-07-08:ENG
082 _a332.6
100 _aBhalla, V.K.
245 _aInvestment management :
_bsecurity analysis and portfolio management /
_cV.K. Bhalla
250 _a13th ed.
260 _aNew Delhi
_bS.Chand
_c2007
270 _a7361, Ram Nagar
_bNew Delhi
_e110 055
_k23672080
_mschand@vsnl.com
300 _axiv, 1090p.
_c24cm (pbk)
650 _aInvestment
942 _cEN
_2ddc
_h332.6
_mBHA
999 _c3128
_d3128